书目信息 |
| 题名: |
Serverless从入门到进阶
|
|
| 作者: | 方坤丁 , 孙远高 著 | |
| 分册: | ||
| 出版信息: | 北京 机械工业出版社 2021.06 |
|
| 页数: | XI, 280页 | |
| 开本: | 24cm | |
| 丛书名: | 云计算与虚拟化技术丛书 | |
| 单 册: | ||
| 中图分类: | TN929.53 | |
| 科图分类: | ||
| 主题词: | 移动终端--yi dong zhong duan--应用程序--程序设计 | |
| 电子资源: | ||
| ISBN: | 978-7-111-68255-4 | |
| 000 | 01489nam 2200313 450 | |
| 001 | 202021044918 | |
| 005 | 20211025120153.0 | |
| 010 | @a978-7-111-68255-4@dCNY89.00 | |
| 100 | @a20211006d2021 em y0chiy50 ea | |
| 101 | 0 | @achi |
| 102 | @aCN@b110000 | |
| 105 | @aa z 000yy | |
| 106 | @ar | |
| 200 | 1 | @aServerless从入门到进阶@AServerlesscong ru men dao jin jie@e架构、原理与实践@d= Learning Serverless@ea hands-on guide to build, manage and deploy serverless applications@f方坤丁, 孙远高著@zeng |
| 210 | @a北京@c机械工业出版社@d2021.06 | |
| 215 | @aXI, 280页@c图@d24cm | |
| 225 | 2 | @a云计算与虚拟化技术丛书@Ayun ji suan yu xu ni hua ji shu cong shu |
| 300 | @a华章IT | |
| 314 | @a方坤丁, 前腾讯云Serverless高级产品经理。孙远高, 腾讯云Serverless高级研发工程师。 | |
| 330 | @a本书共15章, 内容从逻辑上可分为五个部分: 第1部分 (第1章) Serverless基础。第二部分 (第2-4章) Serverless架构和原理。第三部分 (第5-9章) Serverless开发流程。第四部分 (第10-14章) Serverless实战案例。第五部分 (第15章) Serverless趋势预测。 | |
| 410 | 0 | @12001 @a云计算与虚拟化技术丛书 |
| 510 | 1 | @aLearning Serverless@ea hands-on guide to build, manage and deploy serverless applications@zeng |
| 517 | 1 | @a架构、原理与实践@Ajia gou 、 yuan li yu shi jian |
| 606 | 0 | @a移动终端@Ayi dong zhong duan@x应用程序@x程序设计 |
| 690 | @aTN929.53@v5 | |
| 701 | 0 | @a方坤丁@Afang kun ding@4著 |
| 701 | 0 | @a孙远高@Asun yuan gao@4著 |
| 801 | 0 | @aCN@c20210909 |
| 905 | @a河南城建学院图书馆@dTN929.53@eF210 | |
| Serverless从入门到进阶:架构、原理与实践= Learning Serverless:a hands-on guide to build, manage and deploy serverless applications/方坤丁, 孙远高著.-北京:机械工业出版社,2021.06 |
| XI, 280页:图;24cm.-(云计算与虚拟化技术丛书) |
| 华章IT |
| ISBN 978-7-111-68255-4:CNY89.00 |
| 本书共15章, 内容从逻辑上可分为五个部分: 第1部分 (第1章) Serverless基础。第二部分 (第2-4章) Serverless架构和原理。第三部分 (第5-9章) Serverless开发流程。第四部分 (第10-14章) Serverless实战案例。第五部分 (第15章) Serverless趋势预测。 |
| ● |
| 相关链接 |
|
|
|
正题名:Serverless从入门到进阶
索取号:TN929.53/F210
 
预约/预借
| 序号 | 登录号 | 条形码 | 馆藏地/架位号 | 状态 | 备注 |
| 1 | 1544573 | 215445739 | 自科库301/301自科库 99排5列4层/ [索取号:TN929.53/F210] | 在馆 | |
| 2 | 1544574 | 215445748 | 自科库301/301自科库 99排5列4层/ [索取号:TN929.53/F210] | 在馆 |